[Event "Challenge"]
[Site "http://www.queenalice.com/game.php?id=79360"]
[Date "2006.6.22"]
[Round "-"]
[White "Pato"]
[Black "hd"]
[Result "1-0"]
[WhiteElo "1977"]
[BlackElo "1896"]

1. b4 d5 2. Bb2 Qd6 3. b5 Qb4 4. Qc1 Qxb5 5. e4 Qd7 6. exd5 Qxd5 7. Nc3 Qd8 8.
Nf3 e6 9. Ne4 Nd7 10. d4 Ngf6 11. Neg5 Be7 12. Bd3 b6 13. O-O Bb7 14. Nxf7 Kxf7
15. Ng5+ Kg8 16. Nxe6 Qc8 17. Re1 Nf8 18. Bf5 Qe8 19. c4 Qh5 20. Nxg7 Kxg7 21.
Rxe7+ Kg8 22. Bh3 Bc8 23. Qf4 Bxh3 24. Qxf6 Qg6 25. Qxg6+ Nxg6 26. Rxc7 Bf5 27.
d5 1-0

[Event "Challenge"]
[Site "http://www.queenalice.com/game.php?id=82889"]
[Date "2006.7.5"]
[Round "-"]
[White "hd"]
[Black "littleboo"]
[Result "1-0"]
[WhiteElo "1943"]
[BlackElo "2050"]

1. e4 e5 2. Nf3 Nc6 3. Bb5 a6 4. Ba4 b5 5. Bb3 Nf6 6. O-O Nxe4 7. Re1 d5 8. d3
Nxf2 9. Kxf2 Bc5+ 10. Be3 Bxe3+ 11. Rxe3 O-O 12. Kg1 d4 13. Re1 Re8 14. Qe2 Rb8
15. Nbd2 Bf5 16. Ne4 h6 17. Qf2 Bxe4 18. Rxe4 Qf6 19. Rae1 b4 20. Ba4 Red8 21.
Bxc6 Qxc6 22. Rxe5 Qb6 23. Re7 b3 24. axb3 c5 25. Nxd4 Rf8 26. Nf5 Kh8 27. Rd7
Rbd8 28. Ree7 Rxd7 29. Rxd7 Qa5 30. Qg3 Qa1+ 31. Kf2 Qxb2 32. Qxg7+ Qxg7 33.
Nxg7 Kxg7 34. Rc7 Rd8 35. Rxc5 Rd6 36. Rc4 Kf6 37. Ke3 Rb6 38. Rf4+ Ke7 39. d4
Rg6 40. g4 Rc6 41. Kd3 Rb6 42. Rf5 Rg6 43. h3 Rb6 44. Kc4 Rb8 45. Rc5 Kd7 46. b4
1-0

[Event "Challenge"]
[Site "http://www.queenalice.com/game.php?id=82924"]
[Date "2006.7.5"]
[Round "-"]
[White "hd"]
[Black "Pato"]
[Result "0-1"]
[WhiteElo "1871"]
[BlackElo "2020"]

1. e4 g6 2. d4 Bg7 3. Nc3 c5 4. Nf3 cxd4 5. Nxd4 Nc6 6. Be3 Nf6 7. Bc4 O-O 8.
Bb3 Qa5 9. O-O d6 10. h3 Bd7 11. f4 Nxd4 12. Bxd4 Bc6 13. Nd5 Bxd5 14. exd5 b5
15. Qe2 Rfe8 16. a4 b4 17. Rfd1 Qc7 18. a5 Nh5 19. Bxg7 Nxg7 20. Rd4 Rab8 21.
Rc4 Qb7 22. Ba4 Qxd5 23. Bxe8 Nxe8 24. Qe4 Qb5 25. b3 d5 26. Qxe7 dxc4 27. Qxa7
cxb3 28. cxb3 Qb7 29. Qd4 Nc7 30. Qc4 Na6 31. Rc1 Qb5 0-1

[Event "Challenge"]
[Site "http://www.queenalice.com/game.php?id=86650"]
[Date "2006.7.16"]
[Round "-"]
[White "hd"]
[Black "MikeDoherty"]
[Result "0-1"]
[WhiteElo "1963"]
[BlackElo "2034"]

1. d4 Nf6 2. c4 c5 3. d5 e6 4. Nc3 d6 5. Nf3 exd5 6. cxd5 Be7 7. e4 O-O 8. Be2
Nbd7 9. O-O Nb6 10. Nd2 Re8 11. f4 Bf8 12. b3 Bd7 13. Bb2 Qc8 14. f5 Qd8 15. Qe1
Bc8 16. Qg3 Nbd7 17. Nb5 Ne5 18. Bxe5 dxe5 19. Nc3 a6 20. a4 Bd7 21. Bc4 Qc7 22.
Qf3 Qa5 23. h3 Qb4 24. Qe3 b5 25. axb5 axb5 26. Be2 c4 27. Qg3 Bc5+ 28. Kh1 Bd4
29. Rxa8 Rxa8 30. Ncb1 c3 0-1

[Event "Challenge"]
[Site "http://www.queenalice.com/game.php?id=88536"]
[Date "2006.7.22"]
[Round "-"]
[White "Pato"]
[Black "hd"]
[Result "0-1"]
[WhiteElo "2055"]
[BlackElo "1861"]

1. g3 e5 2. Bg2 d5 3. c4 Nf6 4. cxd5 Nxd5 5. Nc3 Be6 6. Nf3 Nc6 7. O-O Nb6 8. d3
Be7 9. Be3 O-O 10. Rc1 f5 11. Bxb6 axb6 12. a3 Ra5 13. Nd2 Bg5 14. f4 exf4 15.
gxf4 Qd4+ 16. Kh1 Bxf4 17. e4 Bxd2 18. Qxd2 Bc4 19. exf5 Raxf5 20. Rxf5 Rxf5 21.
Be4 Rf2 22. Qe1 Bf7 23. Nd1 Rf6 24. Qe3 Rf1+ 25. Kg2 Qxe3 0-1

[Event "Challenge"]
[Site "http://www.queenalice.com/game.php?id=91753"]
[Date "2006.8.1"]
[Round "-"]
[White "hd"]
[Black "Pato"]
[Result "1-0"]
[WhiteElo "1903"]
[BlackElo "2035"]

1. e4 e5 2. Nf3 Qe7 3. Nc3 c6 4. d4 d6 5. a4 Bg4 6. Be2 Nf6 7. a5 g6 8. Bg5 Bg7
9. d5 c5 10. Bb5+ Nbd7 11. a6 b6 12. Bc6 Rd8 13. Nb5 O-O 14. h3 Bxf3 15. Qxf3 h6
16. Bd2 Nh5 17. Nxa7 f5 18. Nb5 fxe4 19. Qxe4 Nb8 20. Bb7 Nxa6 21. Bxa6 Nf4 22.
Bxf4 Rxf4 23. Qxg6 e4 24. Qe6+ 1-0

[Event "Challenge"]
[Site "http://www.queenalice.com/game.php?id=92105"]
[Date "2006.8.2"]
[Round "-"]
[White "hd"]
[Black "gdan"]
[Result "1-0"]
[WhiteElo "1957"]
[BlackElo "1905"]

1. e4 b6 2. d4 Bb7 3. Bd3 Nf6 4. Qe2 d6 5. Nf3 e6 6. O-O Be7 7. c4 d5 8. exd5
exd5 9. Re1 Nc6 10. Nc3 dxc4 11. Bxc4 Na5 12. Bd3 Bxf3 13. gxf3 Nc6 14. Bb5 1-0

[Event "Challenge"]
[Site "http://www.queenalice.com/game.php?id=92359"]
[Date "2006.8.3"]
[Round "-"]
[White "hd"]
[Black "Reddaz"]
[Result "0-1"]
[WhiteElo "1994"]
[BlackElo "1930"]

1. e4 c5 2. Nf3 Nc6 3. d4 cxd4 4. Nxd4 g6 5. c4 Bg7 6. Be3 Nf6 7. Nc3 O-O 8. Be2
d6 9. O-O Bd7 10. Qd2 Nxd4 11. Bxd4 Bc6 12. f3 a5 13. b3 Nd7 14. Be3 Nc5 15.
Rab1 f5 16. exf5 Rxf5 17. Rfe1 e6 18. Bxc5 dxc5 19. Rbd1 Qxd2 20. Rxd2 Bxc3 21.
Rdd1 Bxe1 22. Rxe1 Rd8 23. g3 Bxf3 0-1

[Event "Challenge"]
[Site "http://www.queenalice.com/game.php?id=92360"]
[Date "2006.8.3"]
[Round "-"]
[White "Reddaz"]
[Black "hd"]
[Result "1-0"]
[WhiteElo "1984"]
[BlackElo "1975"]

1. e4 e5 2. Nf3 Nc6 3. Bb5 a6 4. Bxc6 dxc6 5. d3 Bd6 6. Be3 Ne7 7. O-O Ng6 8.
Nbd2 O-O 9. Nc4 f5 10. Bg5 Qe8 11. Re1 f4 12. h3 b5 13. Nxd6 cxd6 14. d4 exd4
15. Qxd4 Ne5 16. Nxe5 dxe5 17. Qc5 Qg6 18. Qxe5 f3 19. Qg3 fxg2 20. Kxg2 h6 21.
Bd2 Qxg3+ 22. Kxg3 Be6 23. f4 g6 24. Ba5 Ra7 25. Rad1 Raf7 26. Rd6 Bc8 27. Rxg6+
Kh7 28. f5 c5 29. Rc6 c4 30. Bc3 Bb7 31. Rd6 Rg8+ 32. Kh2 h5 33. Bd2 Re7 34.
Rh6+ 1-0

[Event "Challenge"]
[Site "http://www.queenalice.com/game.php?id=93111"]
[Date "2006.8.6"]
[Round "-"]
[White "Pato"]
[Black "hd"]
[Result "0-1"]
[WhiteElo "2002"]
[BlackElo "1924"]

1. e4 e5 2. f4 exf4 3. Nf3 g5 4. Bc4 g4 5. O-O gxf3 6. Qxf3 Qf6 7. c3 Nc6 8. d3
Ne5 9. Bxf4 Nxf3+ 10. Rxf3 Bh6 11. Bxh6 Qxf3 0-1

[Event "Challenge"]
[Site "http://www.queenalice.com/game.php?id=93587"]
[Date "2006.8.7"]
[Round "-"]
[White "hd"]
[Black "Pato"]
[Result "1-0"]
[WhiteElo "1950"]
[BlackElo "2042"]

1. e4 Nc6 2. Nf3 d5 3. exd5 Qxd5 4. Nc3 Qa5 5. d4 Bg4 6. Bb5 a6 7. Bxc6+ bxc6 8.
Qd3 O-O-O 9. Ne5 Qxe5+ 10. dxe5 Rxd3 11. cxd3 f6 12. Ne4 fxe5 13. Nc5 Nf6 14.
Nxa6 e6 15. b4 Nd5 16. a3 Kb7 17. Nc5+ Kb6 18. Nd7+ Kb5 19. Nxe5 Bf5 20. O-O Bd6
21. d4 Ra8 22. Bd2 h6 23. Rfc1 Ne7 24. h4 Be4 25. Nc4 Nf5 26. g3 Nxd4 27. Nxd6+
cxd6 28. a4+ Rxa4 29. Rxa4 Nf3+ 30. Kf1 Nxd2+ 31. Ke2 Kxa4 32. Kxd2 Kxb4 33. Ra1
h5 34. Ke3 Bf5 35. f3 c5 36. g4 hxg4 37. fxg4 Bxg4 38. Rg1 Bf5 39. Rxg7 d5 40.
h5 d4+ 41. Kd2 c4 42. h6 c3+ 43. Kc1 d3 44. h7 Be4 45. Rg4 1-0

[Event "I'm Back!"]
[Site "http://www.queenalice.com/game.php?id=94787"]
[Date "2006.8.11"]
[Round "-"]
[White "littleboo"]
[Black "hd"]
[Result "1-0"]
[WhiteElo "2038"]
[BlackElo "1970"]

1. e4 e5 2. Nf3 Nc6 3. Nc3 Nf6 4. d4 exd4 5. Nxd4 Bb4 6. Nxc6 bxc6 7. Bd3 d5 8.
exd5 cxd5 9. Qe2+ Be7 10. Bb5+ Bd7 11. O-O O-O 12. Re1 Re8 13. Bg5 c6 14. Bd3
Bd6 15. Qf3 Bxh2+ 16. Kxh2 Ng4+ 17. Qxg4 1-0

[Event "Challenge"]
[Site "http://www.queenalice.com/game.php?id=95477"]
[Date "2006.8.13"]
[Round "-"]
[White "hd"]
[Black "MikeDoherty"]
[Result "0-1"]
[WhiteElo "1940"]
[BlackElo "2005"]

1. e4 c5 2. Nf3 d6 3. d4 cxd4 4. Nxd4 Nf6 5. Nc3 g6 6. Be3 Bg7 7. f3 O-O 8. Qd2
Re8 9. Bc4 Nc6 10. h4 h5 11. O-O-O Bd7 12. Bh6 Bh8 13. Nxc6 Bxc6 14. g4 Qa5 15.
Qf4 e5 16. Qg3 hxg4 17. Kb1 Qb4 18. Bd5 Bd7 19. fxg4 Bxg4 20. Rdf1 Nxd5 21. Nxd5
Qxe4 22. Nc7 Bh5 23. Nxa8 Rxa8 24. Qb3 Kh7 25. Bg5 f5 26. Re1 Qc6 27. Qf7+ Bg7
28. Bf6 Rg8 29. Rhg1 a5 30. Rg5 Qe8 31. Qxb7 Qe6 32. Bxg7 Rxg7 33. Qa8 e4 34.
Qxa5 d5 35. b4 Rd7 36. b5 f4 37. b6 f3 38. c4 f2 39. Rf1 e3 0-1

[Event "Challenge"]
[Site "http://www.queenalice.com/game.php?id=96476"]
[Date "2006.8.16"]
[Round "-"]
[White "Pato"]
[Black "hd"]
[Result "0-1"]
[WhiteElo "2043"]
[BlackElo "1971"]

1. e4 e5 2. f4 exf4 3. Nf3 g5 4. Bc4 g4 5. Ne5 Qh4+ 6. Kf1 Nh6 7. d4 d6 8. Bxf4
dxe5 9. Bxe5 Rg8 10. g3 Qe7 11. Nc3 c6 12. Kg2 Nd7 13. Bf4 b5 14. Bd3 Bb7 15.
Qd2 Rg6 16. Rhe1 O-O-O 17. e5 Re6 18. Kg1 Bg7 19. Ne4 Bxe5 20. dxe5 Nxe5 21.
Bxe5 Rxe5 22. Qxh6 f5 23. Nd6+ Rxd6 24. Rxe5 Qxe5 25. Bxf5+ Kc7 26. Qf4 Qxf4 27.
gxf4 h5 28. Bd3 Rf6 29. f5 a6 30. b4 Bc8 31. Kg2 Kd6 32. Kg3 Bxf5 33. Rf1 Ke6
34. Re1+ Kf7 35. Re3 Bxd3 36. Rxd3 Kg6 37. a4 bxa4 38. Kh4 Rf2 39. Rd6+ Kf5 40.
Rxc6 Rxh2+ 41. Kg3 Rh3+ 42. Kg2 a3 43. Rxa6 Rc3 44. Ra5+ Kf4 45. Rxh5 Rxc2+ 46.
Kg1 a2 0-1

[Event "Challenge"]
[Site "http://www.queenalice.com/game.php?id=97896"]
[Date "2006.8.20"]
[Round "-"]
[White "hd"]
[Black "littleboo"]
[Result "1/2-1/2"]
[WhiteElo "1959"]
[BlackElo "2112"]

1. e4 e5 2. Nf3 Nc6 3. Bb5 a6 4. Ba4 b5 5. Bb3 Nf6 6. O-O Nxe4 7. d4 exd4 8. Re1
d5 9. Nc3 Bb4 10. Bxd5 O-O 11. Rxe4 dxc3 12. Bg5 Qd6 13. Bxc6 Qxc6 14. Rxb4 cxb2
15. Rxb2 Bg4 16. Ne5 Qc3 17. Nxg4 Qxb2 18. Nf6+ gxf6 19. Bh6 f5 20. Bxf8 Rd8 21.
Qc1 Qxc1+ 22. Rxc1 Kxf8 23. Kf1 Rd4 24. Ke2 Ra4 25. Ra1 c5 26. Kd3 f4 27. f3
Rd4+ 28. Ke2 Ke7 29. c3 Ra4 30. Kd3 h5 31. Re1+ Kf8 32. Re5 c4+ 33. Ke4 Rxa2 34.
Kxf4 Rxg2 35. Rxh5 Rc2 1/2-1/2

[Event "Challenge"]
[Site "http://www.queenalice.com/game.php?id=99750"]
[Date "2006.8.26"]
[Round "-"]
[White "hd"]
[Black "Pato"]
[Result "1-0"]
[WhiteElo "1990"]
[BlackElo "2053"]

1. e4 Nc6 2. d4 e5 3. dxe5 Nxe5 4. f4 Ng6 5. Nf3 Bc5 6. Bc4 d6 7. Nc3 Bg4 8. Na4
Bb6 9. Nxb6 axb6 10. O-O Nf6 11. h3 Bxf3 12. Qxf3 O-O 13. b3 c6 14. Bb2 b5 15.
Bd3 Re8 16. g4 Nd7 17. g5 Nc5 18. Rf2 Nxd3 19. cxd3 c5 20. h4 c4 21. h5 Nf8 22.
dxc4 bxc4 23. Qc3 f6 24. gxf6 Qxf6 25. Qxc4+ Qf7 26. Rg2 Ne6 27. f5 1-0

[Event "Challenge"]
[Site "http://www.queenalice.com/game.php?id=101260"]
[Date "2006.8.31"]
[Round "-"]
[White "Pato"]
[Black "hd"]
[Result "1-0"]
[WhiteElo "2029"]
[BlackElo "2009"]

1. g3 e5 2. Bg2 d5 3. c4 Nf6 4. cxd5 Nxd5 5. Nc3 Be6 6. Nf3 Nc6 7. d3 Be7 8. O-O
O-O 9. Bd2 Qd7 10. a3 f6 11. Rc1 Rad8 12. b4 a6 13. Ne4 Kh8 14. Nc5 Bxc5 15.
Rxc5 Qd6 16. Qc2 Rf7 17. Rc1 g5 18. Rxc6 bxc6 19. Qxc6 Qxc6 20. Rxc6 Rd6 21.
Rxd6 cxd6 22. Bxg5 Nxb4 23. axb4 fxg5 24. Nxg5 Re7 25. Nxe6 Rxe6 26. Bb7 d5 27.
Bxd5 Rb6 28. Bc4 Kg7 29. Kf1 Kf6 30. Ke1 Kg5 31. f3 Rxb4 32. Bxa6 Rb1+ 33. Kf2
h6 34. h4+ Kf6 35. g4 Rh1 36. h5 Rh2+ 37. Ke3 Rg2 38. d4 exd4+ 39. Kxd4 Rf2 40.
Ke4 Rf1 41. e3 Ra1 42. Bb5 Kg5 43. Be2 Ra4+ 44. Kd3 Ra3+ 45. Kd2 Ra2+ 46. Ke1
Ra1+ 47. Kf2 Ra2 48. f4+ Kf6 49. e4 Ra3 50. e5+ Ke7 51. Bf3 Ke6 52. Be4 Ra2+ 53.
Ke3 Ra4 54. Bf5+ Kd5 55. e6 Kd6 56. g5 hxg5 57. fxg5 Ra3+ 58. Kf4 Ra4+ 59. Kg3
Ra3+ 60. Kh4 Ke7 61. h6 Ra8 62. Kh5 Rh8 63. h7 1-0

[Event "Challenge"]
[Site "http://www.queenalice.com/game.php?id=103243"]
[Date "2006.9.6"]
[Round "-"]
[White "hd"]
[Black "Pato"]
[Result "0-1"]
[WhiteElo "1965"]
[BlackElo "2001"]

1. e4 d5 2. exd5 Nf6 3. d4 Nxd5 4. c4 Nb6 5. Nf3 c5 6. dxc5 Qxd1+ 7. Kxd1 N6d7
8. Be3 Na6 9. Nc3 Ndxc5 10. b4 Ne6 11. b5 Nac5 12. Nd5 b6 13. Bxc5 bxc5 14. Ng5
Nxg5 15. Nc7+ Kd8 16. Nxa8 Bb7 17. b6 Bxa8 18. bxa7 Kc7 19. Rb1 g6 20. Rb5 e5
21. f3 Ne6 22. Bd3 Nd4 23. Ra5 Be7 24. Kd2 Nc6 25. Ra4 Bb7 26. Rb1 f5 27. Ra3
Rd8 28. Rab3 Ba8 29. Ke1 Nxa7 30. Bc2 Nc6 31. Rd3 Nb4 32. Rxd8 Nxc2+ 33. Kd2
Bxd8 34. Kxc2 e4 35. Re1 exf3 36. gxf3 Bxf3 37. Re5 Be4+ 38. Kd2 Bg5+ 39. Ke2
Kd6 40. Re8 h5 41. Rg8 f4 42. Re8 f3+ 43. Kf2 Bh4+ 0-1

[Event "Challenge"]
[Site "http://www.queenalice.com/game.php?id=108611"]
[Date "2006.9.21"]
[Round "-"]
[White "hd"]
[Black "Reddaz"]
[Result "0-1"]
[WhiteElo "1905"]
[BlackElo "2025"]

1. e4 c5 2. Nf3 d6 3. d4 cxd4 4. Nxd4 Nc6 5. Nc3 e5 6. Ndb5 Nf6 7. a4 a6 8. Na3
Be6 9. Bg5 Be7 10. Bxf6 Bxf6 11. Nd5 Bxd5 12. Qxd5 O-O 0-1

[Event "Challenge"]
[Site "http://www.queenalice.com/game.php?id=111411"]
[Date "2006.9.29"]
[Round "-"]
[White "littleboo"]
[Black "hd"]
[Result "1-0"]
[WhiteElo "2097"]
[BlackElo "1950"]

1. e4 e5 2. Nf3 Nc6 3. Nc3 Nf6 4. d4 Bb4 5. Nxe5 Nxe4 6. Qf3 Nf6 7. Be3 Qe7 8.
O-O-O Bxc3 9. bxc3 Qa3+ 10. Kd2 d6 11. Bb5 O-O 12. Nc4 1-0

[Event "Challenge"]
[Site "http://www.queenalice.com/game.php?id=117840"]
[Date "2006.10.16"]
[Round "-"]
[White "Pato"]
[Black "hd"]
[Result "1-0"]
[WhiteElo "2002"]
[BlackElo "1927"]

1. e4 e5 2. d4 exd4 3. c3 d5 4. exd5 Qxd5 5. Nf3 Bg4 6. Be2 Nc6 7. O-O O-O-O 8.
Nxd4 Bxe2 9. Qxe2 Nxd4 10. cxd4 Qxd4 11. Nc3 Bd6 12. Nb5 Qh4 13. Nxd6+ Rxd6 14.
b4 Nf6 15. g3 Qh3 16. Bf4 Re6 17. Qc2 Rc6 18. Qb2 Rg8 19. b5 Rc5 20. Rac1 Nd7
21. Rxc5 1-0